00321 a2200133 450000100060000002000150000604000220002110000220004324000450006524500400011030000080015036200090015865000200016762580 a8573120851 cAnchieta - Pituba aCoutinho, Elsimar10aMenstruação, a sangria inútillpor10aMenstruação, a sangria inútil a1730 a1996 4aMenstruação